| 000 | 004790000a22001690004500 | ||
|---|---|---|---|
| 090 |
_aAR _b00223 |
||
| 245 | 1 | 0 | _aLanthanotus: eine stammesgeschichtlich bedeutsame eidechse? |
| 650 | 1 | 4 |
_aFauna _992594 |
| 650 | 1 | 4 |
_aReptiles _992767 |
| 650 | 1 | 4 |
_aHerpetología _98027 |
| 650 | 1 | 4 |
_aBiología _992 |
| 653 |
_gLanthanotus _eLanthanotus borneensis |
||
| 041 | 0 | _aAlemán | |
| 100 | 1 |
_aMertens, Robert _993053 |
|
| 942 | _cARTICULO | ||
| 773 | 1 |
_tNatur and Museum _396 _h2 _q35-45 _d1962 _g92 |
|
| 999 |
_c9323 _d9323 |
||